000 00441nam a22001577a 4500
020 _a9788179652565
082 _aH200 7
_bJAY/A
100 _aJaydev Taneja
_9119294
245 _aAadhunik bharatheeya rang paridrishya/
_cby Jaydev Taneja
260 _aNewdelhi:
_bTakshila Prakashan,
_c2015.
300 _a224p.
650 _aDrama Hindi Study
_9119295
650 _aLiterature Hindi
_9119296
650 _aLiterature
_9119297
942 _cBK
999 _c141113
_d141113